Šternberk slovem a obrazem /

Hlavní autor: Kaňák, Bohdan, 1958-
Další autoři: Mracký, Jan, Koudela, Miroslav, 1964-
Jazyk: Čeština
Vydáno: Olomouc : Arcus, 1996
Vydání: 1. vyd.
Témata:
Externí odkaz: Digitalizovaný dokument
Fyzický popis: 94 s. : il. ; 24 cm
Knihy
Uloženo v:
LEADER 01557nam a2200409 a 4500
001 000082146
003 CZ BrMZK
005 20220120124106.0
007 ta
008 960815s1996 xr e 0 cze d
015 |a cnb000097888 
020 |a 80-901014-2-9 
035 |a (OCoLC)37674718 
040 |a BOA001  |b cze 
043 |a e-xr---  |b e-xr-ol  |2 czenas 
072 7 |a 908(437)  |x Vlastivěda Česka a Slovenska  |2 Konspekt  |9 8 
080 |a 94(437.325)  |2 MRF 
080 |a 908(437.325)  |2 MRF 
080 |a (082.2)  |2 MRF 
080 |a (084.12)  |2 MRF 
100 1 |a Kaňák, Bohdan,  |d 1958-  |7 jn20000401328  |4 aut 
245 1 0 |a Šternberk slovem a obrazem /  |c Bohdan Kaňák, Miroslav Koudela, Jan Mracký 
250 |a 1. vyd. 
260 |a Olomouc :  |b Arcus,  |c 1996 
300 |a 94 s. :  |b il. ;  |c 24 cm 
500 |a Souhrn též angl., něm. a franc. - Bibliogr. 
541 |a Šternberk, Městský úřad 
651 7 |a Šternberk (Olomouc, Česko)  |7 ge131548  |x dějiny  |2 czenas 
651 7 |a Šternberk (Olomouc, Česko)  |7 ge131548  |x vlastivěda  |2 czenas 
655 7 |a jubilejní publikace  |7 fd131839  |2 czenas 
655 7 |a fotografické publikace  |7 fd132276  |2 czenas 
700 1 |a Mracký, Jan  |7 mzk2006337164  |4 aut 
700 1 |a Koudela, Miroslav,  |d 1964-  |7 jn20000401445  |4 aut 
856 4 1 |u https://www.digitalniknihovna.cz/mzk/uuid/uuid:0215c0a0-9bb6-11e3-a744-005056827e52  |y Digitalizovaný dokument  |x NDK 
910 |a BOA001  |b 2-1022.555 
990 |a BK 
996 6 |b 2610039009  |c 2-1022.555  |l MZK  |r Sklad / do 1 hodiny  |n 30  |p p.v.  |w 000082146  |u 000010  |a 1  |e BOA001  |j MZK50  |s P